00683nam a2200193 a 450000100100000000500170001000800410002702000150006804000250008308200160010810000250012424000460014924501170019526000370031230000210034950000280037050000710039870000200046900003652220200930075758.0120119s2001 ag 000 0 spa d a8449311470 aDO-SdBNPbspacBNPHU axxxxbV529i1 aVernant, Jean-Pierre10aL´individu, la mort, l´amourlEspañol13aEl individuo, la muerte y el amor en la antigua Grecia. /cJean-Pierre Vernant ; traducción de Javier Palacio. aBuenos Aires :bPaidós,c2001. a223 p. ;c24 cm. aTraducido del francés aIncluye referencias bibliográfica y notas al pie de la páginas1 aPalacio, Javier